<?xml version="1.0" encoding="UTF-8"?>
<collection xmlns="http://www.loc.gov/MARC21/slim">
 <record>
  <leader>01986nam a2200193Ia 4500</leader>
  <controlfield tag="001">CTU_176323</controlfield>
  <controlfield tag="008">210402s9999    xx            000 0 und d</controlfield>
  <datafield tag="020" ind1=" " ind2=" ">
   <subfield code="c">150000</subfield>
  </datafield>
  <datafield tag="082" ind1=" " ind2=" ">
   <subfield code="a">133.3337</subfield>
  </datafield>
  <datafield tag="082" ind1=" " ind2=" ">
   <subfield code="b">H407</subfield>
  </datafield>
  <datafield tag="245" ind1=" " ind2="0">
   <subfield code="a">Hoàng Ðế Trạch kinh</subfield>
  </datafield>
  <datafield tag="245" ind1=" " ind2="0">
   <subfield code="c">Lý Thiếu Quân (hiệu chú) ; Đại đức Thích Minh Nghiêm (soạn dịch)</subfield>
  </datafield>
  <datafield tag="260" ind1=" " ind2=" ">
   <subfield code="a">Hà Nội</subfield>
  </datafield>
  <datafield tag="260" ind1=" " ind2=" ">
   <subfield code="b">Thời đại</subfield>
  </datafield>
  <datafield tag="260" ind1=" " ind2=" ">
   <subfield code="c">2010</subfield>
  </datafield>
  <datafield tag="520" ind1=" " ind2=" ">
   <subfield code="a">Sách &quot;Hoàng Đế trạch kinh&quot; là tác phẩm kết tinh của trí tuệ tiền nhân, dùng những câu chữ đơn giản, rõ ràng để trình bày những tinh hoa phong thủy nơi cư trú. Nhưng do nội dung được truyền tải bằng văn tự đa nghĩa, khó hiểu cho nên đối với người bình thường, để có thể đọc hiểu được &quot;Hoàng Đế trạch kinh&quot; không phải là một chuyện dễ dàng. Cuốn &quot;Hoàng Đế trạch kinh&quot; này là một cuốn thông dụng, dễ đọc, lại bao trùm trong đó tất cả tinh hoa phong thủy trên cơ sở giải thích nguyên văn và thêm vào lý luận các trường phái phong thủy. Ngoài ra, cuốn sách này có thuyết minh rõ ràng, đơn giản, giải quyết được trở ngại mà Hán ngữ cổ mang đến. Cuốn sách sử dụng những hình vẽ, biểu đồ đẹp, tinh xảo, bằng hình thức văn tự dẫn dắt thị giác người đọc đến không gian 3 chiều. Văn tự, hình vẽ, biểu đồ đều rất phong phú nhưng không làm rối mắt người đọc, tổng hợp thành một chỉnh thể hữu cơ, bổ trợ cho nhau.</subfield>
  </datafield>
  <datafield tag="650" ind1=" " ind2=" ">
   <subfield code="a">Feng shui,Phong thủy</subfield>
  </datafield>
  <datafield tag="904" ind1=" " ind2=" ">
   <subfield code="i">Năm</subfield>
  </datafield>
  <datafield tag="980" ind1=" " ind2=" ">
   <subfield code="a">Trung tâm Học liệu Trường Đại học Cần Thơ</subfield>
  </datafield>
 </record>
</collection>
